书目信息 |
| 题名: |
重新发现文学
|
|
| 作者: | 雷达 著 | |
| 分册: | ||
| 出版信息: | 北京 中国书籍出版社 2014 |
|
| 页数: | 456页 | |
| 开本: | 23cm | |
| 丛书名: | ||
| 单 册: | ||
| 中图分类: | I206.7 | |
| 科图分类: | ||
| 主题词: | 中国文学--当代文学--文学评论 , 中国文学 , 当代文学 , 文学评论 | |
| 电子资源: | ||
| ISBN: | 978-7-5068-3942-6 | |
| 000 | 00830nam0 2200265 450 | |
| 001 | 1653597735 | |
| 005 | 20150426232859.0 | |
| 010 | @a978-7-5068-3942-6@dCNY56.00 | |
| 100 | @a20140724d2014 em y0chiy50 ea | |
| 101 | 0 | @achi |
| 102 | @aCN@b110000 | |
| 105 | @ay z 000yy | |
| 106 | @ar | |
| 200 | 1 | @a重新发现文学@9chong xin fa xian wen xue@f雷达著 |
| 210 | @a北京@c中国书籍出版社@d2014 | |
| 215 | @a456页@d23cm | |
| 300 | @a中国书籍文学馆·名家文存 | |
| 330 | @a本书收录了《重新发现文学》、《当今文学的自觉与自信》、《新世纪以来中国文学的走势》、《我们时代的文学选择》、《关于现实主义生命力的思考》等文章。 | |
| 606 | 0 | @a中国文学@x当代文学@x文学评论 |
| 606 | 0 | @a中国文学 |
| 606 | 0 | @a当代文学 |
| 606 | 0 | @a文学评论 |
| 690 | @aI206.7@v5 | |
| 701 | 0 | @a雷达@9lei da@f(1943.3~)@4著 |
| 905 | @aMUSE@dI206.7@e48 | |
| 重新发现文学/雷达著.-北京:中国书籍出版社,2014 |
| 456页;23cm |
| 中国书籍文学馆·名家文存 |
| ISBN 978-7-5068-3942-6:CNY56.00 |
| 本书收录了《重新发现文学》、《当今文学的自觉与自信》、《新世纪以来中国文学的走势》、《我们时代的文学选择》、《关于现实主义生命力的思考》等文章。 |
| ● |
| 相关链接 |
|
|
|
正题名:重新发现文学
索取号:I206.7/48
 
预约/预借
| 序号 | 登录号 | 条形码 | 馆藏地/架位号 | 状态 | 备注 |
| 1 | 807730 | 2000807730 | 第一书库/ [索取号:I206.7/48] | 在馆 | |
| 2 | 807731 | 2000807731 | 第一书库/ [索取号:I206.7/48] | 在馆 | |
| 3 | 807732 | 2000807732 | 第一书库/ [索取号:I206.7/48] | 在馆 |